000 00197 a2200097 4500
020 _a9780671869724
041 _aeng
100 _aFitzgerald, Helen
245 1 4 _aThe Mourning Handbook
942 _cBK
999 _c16479
_d16479